00966nam a22002411 450000100060000000300080000600500170001400800410003103500190007204000320009104100080012308200250013110000390015624501390019526000740033430000290040850400360043765000270047370000580050094200120055899900170057095201370058728617BD-RjUL20211209051315.0140331r19641955nyua b 000 0 eng d a(BD-RjUL)28698 aDLCcDLCdDLCdBD-RjULbeng aeng00a131.34bDEC V-2 19641 aDeutsch, Felix,d1884-1964.98760014aThe clinical interview /cby Felix Deutsch and William F. Murphy.nVolume Two :ntherapy :pa method of teaching sector psychotherapy. aNew York :bInternational Universities Press,c1955 [reprinted 1964]. a335 p. :bill, ;c24 cm. aBibliography: v. 2, p. 322-323. 0aPsychoanalysis.9876011 aMurphy, William Francis,d1908-ejoint author.987602 2ddccBK c28617d28617 00102ddc40708NFICaRUCLbRUCLcStackd1965-11-03eZeit.g60.00l0o131.34 DEC V-2 1964r2014-03-31 00:00:00tC-3w2014-03-31yBK